000 00451nam a2200181Ia 4500
001 11525
005 20260306162834.0
008 260306t1969||||xx |||||||||||||| ||spa||
041 _aESP
082 _a985.071
_bU831 T. 2
100 _aUgarteche, Pedro
_eAUT
245 0 _aSánchez Cerro:
_bPapeles y recuerdos de un presidente del Perú
260 _c1969
300 _a
_c21 cm.
650 _aGEN
654 _aCHU
942 _cLIB
_dJUS
_fJUS
_2ddc
_n
999 _c11525
_d11525